| 000 | 00437cam a2200181ua 4500 | ||
|---|---|---|---|
| 020 | _cRe 1.00 | ||
| 041 |
_ahin _h |
||
| 082 |
_a891.54 _bBAS/NE |
||
| 100 | _aBasudev, . | ||
| 245 |
_aNapolean Bonapart / _cBasudev. _hTextual Documents |
||
| 250 |
_a3 / _b. |
||
| 260 |
_aVaranasi : _bHindi Pracharak Pusthakalayam , _c1958. |
||
| 300 | _a46 ; . | ||
| 365 | _aRe 1.00 | ||
| 504 | _a | ||
| 942 | _cBK | ||
| 999 |
_c3645 _d3645 |
||